[Event "Ch Switzerland (open)"]
[Site "masterchessopen.com Graechen (Switzerland)"]
[Round "5"]
[White "Salzgeber Frank (SUI)"]
[Black "Martig Markus (SUI)"]
[Result "1-0"]
[WhiteElo "2198"]
[BlackElo "2041"]

1.d4 e6 2.c4 Nf6 3.Nc3 Bb4 4.e3 O-O 5.Bd3 d5 6.Nf3 b6 7.O-O Bb7 8.a3 Bd6
9.cxd5 exd5 10.b4 Nbd7 11.Qb3 a6 12.a4 c6 13.a5 b5 14.e4 dxe4 15.Nxe4 Nxe4
16.Bxe4 h6 17.Bc2 Re8 18.Qd3 Nf6 19.Bd2 Bf8 20.Ne5 g6 21.Nxf7 Kxf7 22.Qxg6+
Ke7 23.Rfe1+ Kd7 24.Qf7+ Re7 25.Bf5+ {#r} 1-0

[Event "It (open)"]
[Site "masterchessopen.com Mar del Plata (Argentina)"]
[Round "3"]
[White "Slipak Sergio (ARG)"]
[Black "Dorin Mauricio (ARG)"]
[Result "1-0"]
[WhiteElo "2521"]
[BlackElo "2397"]

1.d4 Nf6 2.c4 e6 3.Nf3 b6 4.Nc3 Bb4 5.e3 O-O 6.Bd3 d5 7.O-O dxc4 8.Bxc4 Bb7
9.Qe2 Qc8 10.Bd2 c5 11.Rac1 cxd4 12.exd4 Bxc3 13.Bxc3 Ba6 14.b3 Bxc4 15.bxc4
Nbd7 16.d5 Re8 17.Qb2 Qa6 18.Rfe1 exd5 19.cxd5 Rxe1+ 20.Rxe1 Qd3 21.Bd4 Re8
22.Rxe8+ Nxe8 23.h3 Qc4 24.Qa3 Qxd5 25.Qxa7 b5 26.Qa5 Qb7 27.Qd8 Kf8 28.Bxg7+
Kxg7 29.Qxe8 Qd5 30.Qe2 Nf6 31.Qb2 Qd1+ 32.Kh2 Qd6+ 33.g3 b4 34.Nd4 Qc5 35.Kg1
Kg8 36.g4 Ne4 37.Nf5 f6 38.Qe2 Ng5 39.Kg2 Kf8 40.Qd3 Qc6+ 41.f3 Ne6 42.Qd2 Qc4
43.h4 b3 44.Qd6+ Kg8 45.Qb8+ {#r} 1-0

[Event "Ch Spain"]
[Site "masterchessopen.com Palencia (Spain)"]
[Round "3"]
[White "Garcia Vicente Nieves (ESP)"]
[Black "Oms Pallise Josep (AND)"]
[Result "0-1"]
[WhiteElo "2234"]
[BlackElo "2412"]

1.d4 Nf6 2.c4 e6 3.Nc3 Bb4 4.e3 O-O 5.Bd3 d5 6.Nf3 b6 7.O-O Bb7 8.cxd5 exd5
9.a3 Bd6 10.b4 a6 11.Bb2 Nbd7 12.Qc2 Re8 13.b5 a5 14.Rfd1 Ne4 15.Ne5 Ndf6
16.f3 Nxc3 17.Bxc3 g6 18.Qf2 Nh5 19.Bb2 Ng7 20.Nc6 Bxc6 21.bxc6 f5 22.Re1 Nh5
23.Bb5 Qe7 24.Ba4 Kg7 25.Kh1 Rf8 26.Bb3 Nf6 27.a4 Rae8 28.Qh4 Bb4 29.Re2 Qd6
30.Rc1 Ba3 31.Qf2 Bxb2 32.Rxb2 Re7 33.Rbc2 Rfe8 34.Rc3 f4 35.exf4 Qxf4 36.Rd1
Ne4 {#R} 0-1

[Event "It (open)"]
[Site "masterchessopen.com Presov (Slovakia)"]
[Round "3"]
[White "Likavsky Tomas (SVK)"]
[Black "Presalovic Marcel (SVK)"]
[Result "1-0"]
[WhiteElo "2366"]
[BlackElo "2070"]

1.d4 Nf6 2.c4 e6 3.Nc3 Bb4 4.e3 O-O 5.Bd3 d5 6.Nf3 b6 7.cxd5 exd5 8.O-O Bb7
9.a3 Be7 10.b4 a6 11.Rb1 Nbd7 12.a4 c6 13.Qc2 g6 14.e4 dxe4 15.Nxe4 Nxe4
16.Bxe4 Rc8 17.Ne5 Bf6 18.Nxc6 Bxc6 19.Bxc6 Bxd4 20.Qe4 Nb8 21.Bd5 Qf6 22.Be3
Bc3 23.Rfd1 Rfe8 24.Qf3 Qe7 25.Bxb6 Bxb4 26.Bxf7+ Qxf7 27.Qxf7+ Kxf7 28.Rxb4
Nc6 29.Rf4+ Kg7 30.h4 Ne7 31.Rd7 Rc6 32.Bd4+ Kg8 33.Re4 Kf7 34.Bb2 Re6 35.Rxe6
Kxe6 36.Ra7 Nf5 37.Rxa6+ Kd5 38.Bf6 Re1+ 39.Kh2 Re2 40.g4 Nd4 41.Kg3 Nc6
42.Ra8 {#r} 1-0

[Event "Ch Paulista"]
[Site "masterchessopen.com Sao Caetano (Brazil)"]
[Round "2"]
[White "Cordioli Jairo (BRA)"]
[Black "Disconzi Da Silva Rodrigo (BRA)"]
[Result "0-1"]
[WhiteElo "2025"]
[BlackElo "2336"]

1.d4 Nf6 2.c4 e6 3.Nc3 d5 4.Nf3 Bb4 5.e3 O-O 6.Bd3 b6 7.a3 Bd6 8.cxd5 exd5
9.b4 c6 10.Bb2 Bg4 11.Rc1 Nbd7 12.Be2 Re8 13.O-O b5 14.Ne1 Bxe2 15.Nxe2 Nb6
16.Rc2 Nc4 17.Bc1 a5 18.Nd3 axb4 19.Nxb4 Bxb4 20.axb4 Ra1 21.Qd3 Qd6 22.Bd2
Rxf1+ 23.Kxf1 Qxh2 24.Ra2 Qh1+ 25.Ng1 Ng4 26.f3 Nf6 27.g4 Qh2 28.Qe2 Qd6
29.Qd3 h6 30.Kf2 Qh2+ {#R} 0-1

[Event "It (open)"]
[Site "masterchessopen.com Southend (England)"]
[Round "7"]
[White "Feavyour John (ENG)"]
[Black "Wedlock Stephen L"]
[Result "1-0"]
[WhiteElo "2108"]
[BlackElo "1776"]

1.d4 Nf6 2.c4 e6 3.Nc3 Bb4 4.e3 d5 5.Nf3 O-O 6.Bd3 b6 7.O-O Bxc3 8.bxc3 Bb7
9.Nd2 Nbd7 10.f3 c5 11.Qe2 e5 12.cxd5 exd4 13.cxd4 Nxd5 14.Nb3 cxd4 15.Nxd4
Nc5 16.Bb2 Re8 17.Be4 Nxe4 18.fxe4 Rxe4 19.Qf3 Nf6 20.Nf5 Rb8 21.Nh6+ Kf8
22.Bxf6 Qxf6 23.Qg3 Qe5 24.Rxf7+ Ke8 25.Qxg7 Qxg7 26.Rxg7 Bd5 27.Rxh7 Rb7
28.Rxb7 Bxb7 29.Nf5 Kd7 30.Rd1+ Ke6 31.Nd6 {#r} 1-0

[Event "It (open)"]
[Site "masterchessopen.com Tatranska Lomnica (Slovakia)"]
[Round "1"]
[White "Belunek Vladimir (CZE)"]
[Black "Munk Lubomir (SVK)"]
[Result "1-0"]
[WhiteElo "2233"]
[BlackElo "1975"]

1.d4 Nf6 2.c4 e6 3.Nc3 Bb4 4.e3 O-O 5.Bd3 d5 6.Nf3 b6 7.cxd5 exd5 8.h3 Nbd7
9.a3 Bxc3+ 10.bxc3 c5 11.a4 Bb7 12.Nd2 c4 13.Bb1 Re8 14.O-O Nf8 15.Re1 Ne4
16.Nxe4 dxe4 17.a5 Qg5 18.Qg4 Qd5 19.Re2 f5 20.Qg3 Kh8 21.Rea2 b5 22.Ba3 a6
23.Bc2 Rad8 24.Rf1 h6 25.Bd1 Kh7 26.Bh5 g6 27.Bxf8 Rxf8 28.Qxg6+ Kh8 29.Qxh6+
Kg8 30.Qg5+ Kh8 31.f3 Qe6 32.Bg6 Rd7 33.h4 Rf6 34.h5 Rg7 35.f4 Bc6 36.g4 Bd7
37.Rg2 fxg4 38.f5 Qe7 39.Rxg4 Kg8 40.Rff4 b4 41.h6 Rgxg6 42.fxg6 Bxg4 43.Rxf6
b3 44.Qxg4 Qxf6 45.Qc8+ Qf8 46.Qe6+ Kh8 47.Qe5+ {#r} 1-0

[Event "It (open)"]
[Site "masterchessopen.com Bethune (France)"]
[Round "3"]
[White "Mancini Mario (FRA)"]
[Black "Sokolov Andrei (FRA)"]
[Result "0-1"]
[WhiteElo "2329"]
[BlackElo "2564"]

1.d4 Nf6 2.c4 e6 3.Nc3 Bb4 4.e3 O-O 5.Bd3 d5 6.Nf3 b6 7.O-O Bb7 8.cxd5 exd5
9.a3 Bd6 10.b4 Nbd7 11.Qb3 a6 12.a4 Qe7 13.b5 axb5 14.Nxb5 c5 15.Nxd6 Qxd6
16.Ba3 Bc6 17.Bb5 Ra5 18.h3 Rfa8 19.dxc5 bxc5 20.Nd4 Bxb5 21.Nxb5 Qc6 22.Bb2
Ne4 23.Rfd1 c4 24.Qc2 Ndc5 25.f3 Nf6 26.Nd4 Qe8 27.Nf5 Qe6 28.Bc3 R5a6 29.Ra3
Nd3 30.Bxf6 Qxf6 31.e4 dxe4 32.fxe4 g6 33.Nh6+ Kg7 34.Ng4 Qd4+ 35.Kh1 h5
36.Raxd3 cxd3 37.Rxd3 Qb4 38.Ne5 Qxa4 39.Qc7 R6a7 40.Qd6 Ra6 41.Qc7 R8a7
42.Qb8 Re7 43.Rd5 {#R} 0-1

[Event "It (open) (b)"]
[Site "masterchessopen.com Catalunia (Spain)"]
[Round "5"]
[White "Coll Domenech Josep (ESP)"]
[Black "Parellada Diaz Adria (ESP)"]
[Result "1-0"]
[WhiteElo "1885"]
[BlackElo "1911"]

1.d4 Nf6 2.c4 e6 3.Nc3 Bb4 4.e3 b6 5.Nf3 O-O 6.Bd3 d5 7.O-O Re8 8.a3 Bxc3
9.bxc3 Nbd7 10.cxd5 exd5 11.Re1 c5 12.c4 Bb7 13.Bb2 Rc8 14.Rc1 b5 15.cxb5 c4
16.Bb1 Qa5 17.h4 Nb6 18.Bc2 a6 19.Bc3 Qxc3 20.Bxh7+ Kxh7 21.Rxc3 Ne4 22.Ng5+
Nxg5 23.Qh5+ Kg8 24.Qxg5 {#r} 1-0

[Event "It (cat.9)"]
[Site "masterchessopen.com Cutro (Italy)"]
[Round "9"]
[White "Abatino Maurizio (ITA)"]
[Black "Drasko Milan (MNE)"]
[Result "0-1"]
[WhiteElo "2242"]
[BlackElo "2485"]

1.d4 Nf6 2.c4 e6 3.Nc3 Bb4 4.e3 O-O 5.Bd3 d5 6.Nf3 b6 7.O-O Bb7 8.cxd5 exd5
9.a3 Bd6 10.b4 a6 11.Qb3 Qe7 12.b5 axb5 13.Nxb5 Nbd7 14.Nxd6 Qxd6 15.a4 Ba6
16.Ba3 c5 17.Bb5 Bxb5 18.axb5 Rfc8 19.Rfd1 Qe6 20.dxc5 bxc5 21.Rac1 Qb6 22.Bb2
Ra5 23.Ba1 Rxb5 24.Qc2 Re8 25.Qf5 h6 26.h3 Qe6 27.Qf4 Ra8 28.Qc7 Ne4 29.Rc2
Rba5 30.Bb2 R5a7 31.Qf4 Ra2 32.Rdc1 Rb8 33.Bc3 Rxc2 34.Rxc2 Rb1+ 35.Be1 Qa6
36.Qc7 Qa4 37.Re2 Nef6 38.Kh2 Qc4 39.Ng1 Rd1 40.Qa5 Ne5 41.Qc3 Nd3 42.Qxc4
dxc4 43.Ba5 Nb4 {#R} 0-1

[Event "It (open)"]
[Site "masterchessopen.com Epikinoni (Greece)"]
[Round "5"]
[White "Fournarakos Gerasimos (GRE)"]
[Black "Logothetis Sotirios (GRE)"]
[Result "1-0"]
[WhiteElo "2057"]
[BlackElo "2230"]

1.d4 Nf6 2.c4 e6 3.Nc3 Bb4 4.e3 O-O 5.Bd3 d5 6.Nf3 b6 7.cxd5 exd5 8.O-O Bb7
9.Ne5 Bd6 10.f4 c5 11.Ne2 Nc6 12.Bd2 Ne4 13.Nxc6 Bxc6 14.Bxe4 dxe4 15.Bc3 Bb5
16.Rf2 Bd3 17.dxc5 bxc5 18.Ng3 Be7 19.Nh5 f6 20.f5 Bd6 21.Qg4 Qe7 22.Qh3 Rf7
23.g4 h6 24.Qg2 Rb8 25.h4 Be5 26.Nf4 Bxc3 27.bxc3 Qe5 28.Rb2 Rff8 29.Rc1 Rfe8
30.Rxb8 Rxb8 31.Ng6 Qd6 32.g5 hxg5 33.hxg5 fxg5 34.Qxg5 Rb2 35.Nf4 Rxa2 36.Qh5
Qh6 37.Qe8+ Kh7 38.Qg6+ Qxg6+ 39.fxg6+ Kh8 40.Kh1 Rb2 41.c4 Rb1 42.Nxd3 Rxc1+
43.Nxc1 a6 44.Nb3 a5 45.Nxc5 {#r} 1-0

[Event "It (cat.11)"]
[Site "masterchessopen.com Porto (Portugal)"]
[Round "6"]
[White "Spraggett Kevin (CAN)"]
[Black "Del Rey Diego (ESP)"]
[Result "1-0"]
[WhiteElo "2501"]
[BlackElo "2382"]

1.d4 Nf6 2.c4 e6 3.Nc3 Bb4 4.e3 b6 5.Nf3 O-O 6.Bd3 d5 7.O-O Ba6 8.cxd5 Bxd3
9.Qxd3 exd5 10.a3 Be7 11.b4 c6 12.Bb2 a6 13.Rfc1 b5 14.Ne5 Nfd7 15.Ne2 Nb6
16.Nxc6 Nxc6 17.Rxc6 Nc4 18.Bc3 Qd7 19.Rc5 Rfd8 20.h3 f6 21.Nf4 Bxc5 22.dxc5
Ne5 23.Qc2 Qf7 24.Rd1 Rd7 25.a4 Nc4 26.Qa2 Rdd8 27.Qb3 Qb7 28.axb5 axb5 29.Ra1
Rxa1+ 30.Bxa1 Qa8 31.Bc3 Qa4 32.Qb1 Na3 33.Qf5 Qd1+ 34.Kh2 Nc4 35.c6 {#r} 1-0

[Event "Memorial V.Toth (cat.7)"]
[Site "masterchessopen.com Rio de Janeiro (Brazil)"]
[Round "3"]
[White "Sant'Ana Ricardo (BRA)"]
[Black "Lima Darcy (BRA)"]
[Result "0-1"]
[WhiteElo "2195"]
[BlackElo "2525"]

1.d4 Nf6 2.c4 e6 3.Nc3 Bb4 4.e3 O-O 5.Bd3 d5 6.Nf3 b6 7.a3 Bxc3+ 8.bxc3 Ba6
9.Ne5 Nfd7 10.Nxd7 Qxd7 11.cxd5 exd5 12.O-O Re8 13.f3 Bxd3 14.Qxd3 Qe6 15.Ra2
Nd7 16.Re2 c5 17.e4 cxd4 18.cxd4 f5 19.Rfe1 fxe4 20.fxe4 Nf6 21.exd5 Qxd5
22.Re5 Rxe5 23.Rxe5 Qa2 24.d5 Rc8 25.Bd2 Rc5 26.Qf5 Qxd2 27.Qe6+ Kh8 28.Qe8+
Ng8 {#R} 0-1

[Event "Ch Commonwealth"]
[Site "masterchessopen.com Sangli (India)"]
[Round "2"]
[White "Atanu Lahiri (IND)"]
[Black "Vijayalakshmi Subbaraman (IND)"]
[Result "1-0"]
[WhiteElo "2426"]
[BlackElo "2378"]

1.d4 Nf6 2.c4 e6 3.Nc3 Bb4 4.e3 O-O 5.Nf3 d5 6.Bd3 b6 7.O-O Bb7 8.cxd5 exd5
9.a3 Bd6 10.b4 Nbd7 11.Qb3 c6 12.a4 a5 13.bxa5 Rxa5 14.Bd2 Ba6 15.Nxd5 cxd5
16.Bxa5 Bxd3 17.Bxb6 Nxb6 18.Qxd3 Nc4 19.Nd2 Nxd2 20.Qxd2 Ne4 21.Qd3 f5 22.a5
f4 23.exf4 Rxf4 24.a6 Ng5 25.a7 Qa8 26.Rfc1 Rf8 27.Qa6 Bf4 28.Rc2 h6 29.h4 Ne4
30.g3 Bd2 31.Rc7 Bc3 32.Ra4 Kh8 33.Qg6 Rg8 34.Ra6 Bd2 35.f4 Bxf4 36.gxf4 Qd8
37.a8=Q {#r} 1-0

[Event "Cup Pannon"]
[Site "masterchessopen.com Kaposvar (Hungary)"]
[Round "9"]
[White "Kovacs Istvan (HUN)"]
[Black "Szabo Zsolt Jozsef (HUN)"]
[Result "0-1"]
[WhiteElo "2222"]
[BlackElo "2458"]

1.d4 Nf6 2.c4 e6 3.Nc3 Bb4 4.e3 O-O 5.Bd3 d5 6.Nf3 b6 7.O-O Bb7 8.cxd5 exd5
9.Qc2 Re8 10.Ne5 a6 11.Bf5 Bf8 12.Bd2 c5 13.Rad1 b5 14.Ne2 g6 15.Bh3 Ne4 16.g3
c4 17.Bc1 Bd6 18.f3 Ng5 19.Bg2 f6 20.Ng4 Nd7 21.h4 Nf7 22.e4 Qe7 23.Nf2 Nb6
24.Nf4 Kg7 25.Rde1 Qc7 26.exd5 Nxd5 27.Ne6+ Rxe6 28.Rxe6 Bxg3 29.h5 Bc8 30.Qe4
Bxe6 31.Qxe6 Nf4 32.Qe4 Rd8 33.hxg6 hxg6 34.Bxf4 Qxf4 35.Rd1 f5 36.Qxf4 Bxf4
37.Kf1 Be3 38.d5 Ne5 39.Ke2 Bxf2 40.Kxf2 Nd3+ 41.Ke3 Rxd5 42.f4 Rd6 43.Bb7
Re6+ 44.Kf3 Rb6 45.Bc8 Nxb2 46.Rd7+ Kf6 47.Ra7 c3 48.Ke3 a5 {#R} 0-1

[Event "Bundesliga (2nd) West 2000/01"]
[Site "masterchessopen.com Germany"]
[Round "4"]
[White "Scholz Christian (GER)"]
[Black "Rotstein Arkadij (GER)"]
[Result "0-1"]
[WhiteElo "2433"]
[BlackElo "2500"]

1.d4 Nf6 2.c4 e6 3.Nc3 Bb4 4.e3 O-O 5.Bd3 d5 6.Nf3 b6 7.O-O Bb7 8.cxd5 exd5
9.Qc2 Re8 10.Ne5 Nbd7 11.f4 c5 12.Bd2 Nf8 13.Nb1 Bxd2 14.Nxd2 cxd4 15.exd4 Ne6
16.Qa4 Ne4 17.Rad1 f6 18.Nxe4 dxe4 19.Bc4 Bd5 20.Ng4 Bxc4 21.Qxc4 Rc8 22.Qa4
Qc7 23.Ne3 Nxf4 24.d5 Nd3 25.Nf5 Qc5+ 26.Kh1 Qxd5 27.Qxa7 Nf2+ 28.Kg1 Qxf5
29.Rxf2 Qg4 30.Qa4 Kh8 31.h3 Qg3 32.Qd4 b5 33.Qd5 b4 34.Re2 Qf4 35.Qd4 Rc1
36.Rxc1 Qxc1+ 37.Kh2 Qf4+ 38.g3 Qf3 39.Rf2 Qd3 40.Qxb4 e3 41.Qe1 e2 42.Rg2 h5
43.h4 f5 44.b4 f4 45.gxf4 Re3 46.a4 Rh3+ 47.Kg1 Qe3+ 48.Rf2 Qg3+ {#R} 0-1

[Event "Ch Netherlands (team) 2001"]
[Site "masterchessopen.com Netherlands"]
[Round "6"]
[White "Lautier Joel (FRA)"]
[Black "Chuchelov Vladimir (BEL)"]
[Result "1-0"]
[WhiteElo "2653"]
[BlackElo "2607"]

1.d4 Nf6 2.c4 e6 3.Nc3 Bb4 4.e3 O-O 5.Bd3 d5 6.Nf3 b6 7.O-O Bb7 8.cxd5 exd5
9.Ne5 Bd6 10.f4 c5 11.Qf3 Nc6 12.Qh3 g6 13.Kh1 Re8 ( 13...a6 { !? ? b5 } )
14.Ne2 { ? ?d2, ?ad1 ! } ( 14.Bd2 cxd4 15.Nxc6 Bxc6 16.exd4 Ne4 { ? } )
14...Rc8 { ? ?c7, ?c8, ?a6 !? } ( 14...Qc8 15.Qh4 Be7 16.f5 Ne4 17.Qg4 { ? } (
17.f6 { ? } 17...Nxe5 18.dxe5 Bf8 19.Bxe4 ( 19.Qf4 Rxe5 { !??+ } ) 19...dxe4
20.Ng3 Rxe5 { ? } ) ) ( 14...Bf8 { !? } ) 15.Bd2 Rc7 { ? ?c8, ? ?e4 } (
15...Ne4 { ?? } 16.Nxf7 { +?? } ) 16.Rad1 Qc8 ( 16...Ne4 17.Bxe4 dxe4 18.Bc3 {
? } ) 17.Qh4 Be7 ( 17...Ne4 18.Bxe4 dxe4 19.Bc3 ( 19.Nc3 Be7 20.Qg3 Ba6 (
20...cxd4 21.Nd5 { ? } ) 21.Rfe1 { ? } ) 19...Be7 ( 19...Ba6 20.Nxc6 Bxe2
21.dxc5 Rxc6 22.cxd6 ( 22.Qf6 { ? } 22...Be5 { ??+ } ) 22...Bxd1 23.Rxd1 Qd8
24.Qf6 ( 24.Bf6 { ? } 24...Qxd6 ) 24...Qxf6 25.Bxf6 { ± } ) 20.Qf2 { ? } )
18.f5 { ! } ( 18.Qg3 { ? } 18...Ba6 { ? } ) 18...Ne4 19.Qh3 { ? ?g4 ! } (
19.f6 Nxd2 20.Rxd2 Bf8 { = } ( 20...Nxe5 21.dxe5 Bf8 { ? } 22.Qg3 { ? } ) ) (
19.Qg4 Nxe5 20.dxe5 Nxd2 21.Rxd2 c4 22.Bc2 ( 22.e6 { ? } 22...Bb4 23.fxg6 fxg6
24.Bxg6 hxg6 25.Rf6 Rg7 26.Rxg6 Re7 { ??+ } ) 22...Bb4 23.Nc3 Rxe5 24.Qf4 Bxc3
25.bxc3 Qe8 { ? } ) 19...Nxe5 ( 19...Nxd2 20.Rxd2 Bf8 21.Ng4 Bg7 22.Nh6+ Kh8
23.Nf4 { ? } ) 20.dxe5 ( 20.Bxe4 { ? } 20...Nc4 { ? } ) 20...Bf8 ( 20...Nxd2 {
?! } 21.Rxd2 Bf8 ( 21...c4 22.e6 { ! } 22...Bb4 23.fxg6 f6 ( 23...fxg6 24.Rf7
{ +?? } ) 24.Rxf6 { +?? } ) 22.e6 fxe6 23.fxg6 { ± } ) 21.Bxe4 dxe4 22.Bc3 Ba6
{ ! } ( 22...Bg7 { ?! } 23.e6 Bxc3 24.Nxc3 fxe6 25.fxg6 hxg6 26.Nb5 Rh7 27.Qg4
Qb8 28.Nd6 { ± } ) 23.e6 { ! } ( 23.Ng3 { ?! } 23...Bxf1 24.Rxf1 ( 24.Nxe4
Bxg2+ 25.Qxg2 Bg7 { ? } ) 24...Bg7 ( 24...Qa6 25.e6 { ? } ) 25.Nxe4 Qa6 { ? }
( 25...Rxe5 26.Ng5 h5 { = } ) ) 23...Bxe2 24.fxg6 fxe6 { ! } ( 24...f6 { ? }
25.Rxf6 Bxd1 26.gxh7+ Rxh7 27.Rxf8+ Kxf8 28.Qxh7 { +?? } ) ( 24...f5 { ?! }
25.Rd7 ( 25.Qxf5 Qxe6 26.Qxe6+ Rxe6 27.Rxf8+ Kxf8 28.Rd8+ Re8 29.g7+ Rxg7
30.Bxg7+ Kf7 { = } ) 25...Rxd7 26.Qxf5 hxg6 27.Qxg6+ Bg7 28.exd7 Qxd7 29.Bxg7
Bxf1 30.Be5+ Kf8 31.Bd6+ Re7 32.Qf6+ Ke8 33.Bxe7 Qxe7 ( 33...Bxg2+ { ? }
34.Kxg2 Qxe7 35.Qxe7+ Kxe7 36.Kg3 Ke6 37.Kf4 Kd5 38.h4 { +?? } ) 34.Qxf1 { ± }
) ( 24...fxg6 25.Rf7 ( 25.Rd7 Re7 ( 25...Bh5 26.Be5 ( 26.Rdf7 { ->> 25.?f7 } )
( 26.Rff7 { ->> 25.?f7 } ) 26...Rb7 ( 26...Rc6 27.Rxf8+ Kxf8 28.Qh4 Rexe6
29.Rd8+ ( 29.Qf4+ { ? } 29...Rf6 { ??+ } ) 29...Kf7 30.Rxc8 Rxc8 31.Bc3 { ± }
) 27.Rff7 Rxd7 28.exd7 Qd8 29.Bc7 Kxf7 30.Bxd8 Rxd8 { ->> 25.?f7 } ) 26.Rf7
Bh5 27.Bf6 Rcxd7 28.exd7 Qxd7 29.Qxd7 Rxf7 { ? } ) 25...Bh5 ( 25...h5 26.Rdd7
Rxd7 27.exd7 Qd8 28.Rf6 Re7 29.Rxg6+ Bg7 30.Rxg7+ Rxg7 31.Qe6+ Kf8 32.Qd6+ Kf7
33.Qd5+ Kf8 { = } ) 26.Rdd7 ( 26.Rdf1 { ? } 26...Rce7 { ??+ } ) 26...Rxd7
27.exd7 Qd8 28.Bf6 ( 28.Rxf8+ Rxf8 29.Qe6+ Rf7 30.Qe8+ Rf8 { = } ) 28...Kxf7
29.Bxd8 Rxd8 30.g4 Rxd7 31.Qf1+ Ke7 32.gxh5 Bg7 33.b3 { ? } ) 25.Rf7 h5 26.Re1
( 26.Qg3 { ? } 26...e5 { !? } ) 26...Bg4 27.Qh4 e5 28.Ref1 Bg7 { ?? } (
28...Rc6 { ? } 29.g7 { ! } 29...Bd6 ( 29...Bxg7 30.Qg5 { +?? } ) 30.Qg5 { +??
} ) ( 28...Bh6 { ! } 29.h3 Rc6 30.Rh7 { ! } ( 30.hxg4 { ?! } 30...Qxg4 31.Qf2
Rxg6 { ? } ) ( 30.g7 { ?! } 30...Bf3 31.Rf8+ ( 31.Rxa7 Qf5 32.gxf3 Bxe3 { ? }
) 31...Rxf8 32.gxf8=Q+ Qxf8 33.gxf3 Qf5 { ? } 34.Rg1+ { ?! } 34...Kf7 { ? } )
30...Bxe3 ( 30...Rxg6 { ? } 31.Rxh6 { +?? } ) ( 30...Bg7 31.Rxh5 Rxg6 32.hxg4
Qxg4 { = } ) 31.Rff7 Rxg6 32.Qf6 Rxf6 33.Rhg7+ Kh8 { = } ) 29.h3 Be2 30.R1f2
Bd1 31.Qxe4 { !± } 31...Rce7 ( 31...Kh8 32.Rd2 { ± } ) 32.Qd5 ( 32.Rd2 { !?± }
) 32...Qe6 33.Qxd1 Qxg6 34.R7f5 Rf8 ( 34...h4 35.e4 { ± } ) 35.e4 h4 36.Rxf8+
Bxf8 37.Qd8 ( 37.Rf5 Bg7 38.Qd5+ Qe6 39.Qd8+ { ± } ) 37...Rf7 { ?! } (
37...Qe8 38.Qd5+ Kh7 39.Rf5 { ± } ) 38.Qd5 { ? } ( 38.Qd5 Bg7 39.Rf5 { +?? } )
{#r} 1-0

[Event "Cup Russia (open)"]
[Site "masterchessopen.com Tula (Russia)"]
[Round "4"]
[White "Ovod Evgenija (RUS)"]
[Black "Shariyazdanov Andrey (RUS)"]
[Result "0-1"]
[WhiteElo "2356"]
[BlackElo "2530"]

1.d4 Nf6 2.c4 e6 3.Nc3 Bb4 4.e3 O-O 5.Bd3 d5 6.Nf3 b6 7.O-O Bb7 8.a3 Bd6 9.b3
Nbd7 10.Nb5 Be7 11.Bb2 a6 12.Nc3 Bd6 13.Re1 Ne4 14.Qc2 f5 15.Rad1 Qe7 16.b4
Nxc3 17.Qxc3 dxc4 18.Bxc4 Bxf3 19.gxf3 b5 20.Bb3 Kh8 21.f4 Nf6 22.d5 Ne4
23.Qd4 e5 24.fxe5 Qh4 25.f4 Qf2+ 26.Kh1 Qf3+ 27.Kg1 Nf2 28.h3 Be7 29.e6 Rf6
{#R} 0-1

[Event "Ch Hungary (open)"]
[Site "masterchessopen.com Zalakaros (Hungary)"]
[Round "3"]
[White "Wukits Rene (AUT)"]
[Black "Lukacs Peter (HUN)"]
[Result "1-0"]
[WhiteElo "2265"]
[BlackElo "2444"]

1.d4 Nf6 2.c4 e6 3.Nc3 Bb4 4.e3 O-O 5.Bd3 d5 6.Nf3 b6 7.O-O Bb7 8.cxd5 exd5
9.a3 Bd6 10.b4 Re8 11.Qb3 a6 12.a4 Nc6 13.Ba3 a5 14.Bb5 axb4 15.Bxc6 Bxc6
16.Bxb4 Ne4 17.Rfc1 Re6 18.Bxd6 Rxd6 19.Ne5 Be8 20.Nxe4 dxe4 21.Qc2 f6 22.Nc4
Re6 23.a5 Kh8 24.axb6 cxb6 25.Rxa8 Qxa8 26.Nxb6 Rxb6 27.Qc5 {#r} 1-0

[Event "Ch Greece"]
[Site "masterchessopen.com Athens (Greece)"]
[Round "5"]
[White "Simeonidis Ioannis (GRE)"]
[Black "Papaioannou Ioannis (GRE)"]
[Result "0-1"]
[WhiteElo "2331"]
[BlackElo "2579"]

1.d4 Nf6 2.c4 e6 3.Nc3 Bb4 4.e3 O-O 5.Bd3 d5 6.Nf3 b6 7.O-O Bb7 8.a3 Bd6
9.cxd5 exd5 10.Qc2 c5 11.dxc5 bxc5 12.Rd1 Nbd7 13.b4 cxb4 14.Nb5 Ne5 15.Nxd6
Nxf3+ 16.gxf3 Qxd6 17.axb4 Qe5 18.Ra5 Qh5 19.Be2 Rac8 20.Qb2 Qg6+ 21.Kf1 Qh5
22.Kg1 Rc6 23.Rd4 Bc8 24.Kf1 Qxh2 25.Ke1 Qg1+ 26.Kd2 Qxf2 27.Rf4 Re8 28.Qd4
Rc4 {#R} 0-1

[Event "It (open)"]
[Site "masterchessopen.com Baunatal (Germany)"]
[Round "3"]
[White "Reinemer Frank (GER)"]
[Black "Bischoff Klaus (GER)"]
[Result "0-1"]
[WhiteElo "2257"]
[BlackElo "2564"]

1.d4 Nf6 2.c4 e6 3.Nc3 Bb4 4.e3 O-O 5.Bd3 d5 6.Nf3 b6 7.O-O Bb7 8.a3 Bd6
9.cxd5 exd5 10.Ne5 c5 11.f4 Nc6 12.Ne2 Rc8 13.Rf3 cxd4 14.exd4 Ne4 15.Be3 Ne7
16.Ng3 f6 17.Ng4 Re8 18.Qb3 Kh8 19.Re1 Qd7 20.h3 Ng6 21.Bb5 Bc6 22.Bxc6 Qxc6
23.Nxe4 dxe4 24.Rf2 Ne7 25.Nh2 Qd5 26.Qa4 b5 27.Qxa7 Ra8 28.Qd7 f5 {#R} 0-1

[Event "It (open) \"]
[Site "masterchessopen.com Jyvaskyla (Finland)"]
[Round "3"]
[White "Turunen Timo (FIN)"]
[Black "Nevanlinna Risto (FIN)"]
[Result "0-1"]
[WhiteElo "1988"]
[BlackElo "2343"]

1.d4 Nf6 2.c4 e6 3.Nc3 Bb4 4.e3 b6 5.Nf3 O-O 6.Bd3 d5 7.O-O dxc4 8.Bxc4 Nbd7
9.Qc2 Bb7 10.Be2 Rc8 11.a3 Be7 12.Rd1 c5 13.b3 cxd4 14.Rxd4 Qc7 15.Rc4 Qb8
16.Qd1 Rxc4 17.Bxc4 Rd8 18.Qe2 Ng4 19.e4 Nde5 20.Bf4 Bd6 21.Rd1 Nxc4 22.bxc4
Bxf4 23.Rxd8+ Qxd8 24.h3 Ne5 {#R} 0-1

[Event "It (open)"]
[Site "masterchessopen.com Ljubljana (Slovenia)"]
[Round "4"]
[White "Nikolov Sasho (BUL)"]
[Black "Neverov Valeriy (UKR)"]
[Result "0-1"]
[WhiteElo "2361"]
[BlackElo "2588"]

1.d4 Nf6 2.c4 e6 3.Nc3 Bb4 4.e3 O-O 5.Bd3 d5 6.Nf3 b6 7.O-O dxc4 8.Bxc4 Bb7
9.a3 Bd6 10.Qe2 Nbd7 11.e4 c5 12.dxc5 bxc5 13.Bg5 Qb8 14.Rad1 Ne5 15.Bxf6 gxf6
16.Nxe5 Bxe5 17.f4 Bxf4 18.Qg4+ Bg5 19.Rxf6 Qe5 20.Rf3 Qg7 21.Kh1 Bf6 22.Bxe6
fxe6 23.Qxe6+ Kh8 24.Rd7 Bc8 25.Rxg7 Bxe6 26.Rc7 Bg4 {#R} 0-1

[Event "It (open)"]
[Site "masterchessopen.com Senden (Germany)"]
[Round "2"]
[White "Beermann Michael (GER)"]
[Black "Alekseev Vadim (BLR)"]
[Result "0-1"]
[WhiteElo "2136"]
[BlackElo "2409"]

1.d4 e6 2.c4 Nf6 3.Nc3 Bb4 4.e3 O-O 5.Bd3 d5 6.Nf3 b6 7.O-O Bb7 8.Qe2 Nbd7
9.a3 Bxc3 10.bxc3 dxc4 11.Bxc4 c5 12.Bb2 Qc7 13.Bd3 Be4 14.Bxe4 Nxe4 15.Nd2
Nxd2 16.Qxd2 Rac8 17.Rac1 Rfd8 18.Qe2 c4 19.e4 e5 20.f4 exf4 21.e5 Re8 22.Rxf4
f6 23.Rcf1 fxe5 24.Rf7 Rf8 25.Qh5 Qd6 26.R1f5 Qg6 27.Rxg7+ Kxg7 28.Rg5 exd4
29.cxd4 c3 30.Bc1 Nf6 31.Rxg6+ hxg6 32.Qf3 Rf7 33.Qh3 Rd7 34.Qe6 Re8 35.Bh6+
Kxh6 36.Qxf6 c2 37.Qf4+ Kg7 38.Qc1 Rc8 {#R} 0-1

[Event "Memorial M.Chigorin (open)"]
[Site "masterchessopen.com St. Petersburg (Russia)"]
[Round "6"]
[White "Ulko Jaroslav (RUS)"]
[Black "Kryschilovskij Andrej (RUS)"]
[Result "1-0"]
[WhiteElo "2472"]
[BlackElo "2384"]

1.d4 Nf6 2.c4 e6 3.Nc3 Bb4 4.e3 O-O 5.Bd3 d5 6.Nf3 b6 7.O-O Bb7 8.cxd5 exd5
9.a3 Be7 10.b4 c6 11.Ne5 Nbd7 12.f4 a5 13.b5 c5 14.Na4 Nxe5 15.dxe5 Ne8 16.Qc2
g6 17.Bb2 Ng7 18.Rad1 c4 19.Be4 Qc7 20.Bxd5 {#r} 1-0

[Event "Tournament"]
[Site "masterchessopen.com St. Petersburg (Russia)"]
[Round "3"]
[White "Golovchenko Gleb (RUS)"]
[Black "Zakharov Yuri (RUS)"]
[Result "1-0"]
[WhiteElo "2260"]
[BlackElo "2038"]

1.d4 Nf6 2.c4 e6 3.Nc3 Bb4 4.e3 O-O 5.Bd3 d5 6.Nf3 b6 7.O-O Bb7 8.a3 Bd6 9.b4
dxc4 10.Bxc4 Ne4 11.Bb2 Nxc3 12.Bxc3 Nd7 13.d5 e5 14.e4 Qe7 15.Qe2 a6 16.Rae1
a5 17.Qb2 Ba6 18.b5 Bb7 19.Qa1 Rae8 20.Bb2 Nc5 21.Nd2 f6 22.Qd1 Kh8 23.Re3 Bc8
24.Rfe1 Qf7 25.Nf1 Re7 26.Ng3 Qe8 27.Rf3 Bg4 28.h3 Bxf3 29.Qxf3 Ref7 30.Nf5 g6
31.Nh6 Rg7 32.g4 Qd7 33.Kh1 Qe7 34.Ba2 Qd7 35.Bc4 Qe7 36.Bc1 Nd7 37.Ba2 Bc5
38.h4 Qd6 39.h5 f5 40.exf5 gxh5 41.g5 Rg6 42.Qxh5 Rxh6 43.gxh6 Bxa3 44.Bg5
Rxf5 45.Qg4 Rf8 46.Rg1 Bc5 47.Bf6+ Qxf6 48.Qg7+ Qxg7 49.hxg7+ Kg8 50.d6+ {#r}
1-0